000 04699nam a22004937a 4500
005 20100610124740.0
010 _aENG-96335
020 _a9788183333269
_c180.00
035 _aEN-79868
035 _aB-413969-988
037 _bDBAD/PUB
037 _bBPB Publications
082 _a005.133
100 _aKurniawan, Budi
_924291
245 _aA tutorial JAVA 6 :
_bnew features /
_cby Budi Kurniawan
260 _aNew Delhi
_bBPB
_c2010
270 _aB-14, Connaught Place,
_bNew Delhi
_e110001
300 _avi, 314p. :
_bill.
_c24 cm. (Pbk)
500 _aincludes index
700 _aLyer, M.Geetha
_921661
942 _2ddc
_cEN
_mKUR
_h005.133
999 _c36689
_d36689